Living tomorrows company: rediscovering the human purposes of business (Record no. 212049)

MARC details
000 -LEADER
fixed length control field 00545nam a2200181Ia 4500
008 - FIXED-LENGTH DATA ELEMENTS--GENERAL INFORMATION
fixed length control field 210719s2013 xx 000 0 und d
020 ## - INTERNATIONAL STANDARD BOOK NUMBER
International Standard Book Number 978-819-2-81631-9
041 ## - LANGUAGE CODE
Language code of text/sound track or separate title eng
082 ## - DEWEY DECIMAL CLASSIFICATION NUMBER
Classification number 658.4 GOYL
100 ## - MAIN ENTRY--PERSONAL NAME
Personal name GOYDER (Mark)
245 ## - TITLE STATEMENT
Title Living tomorrows company: rediscovering the human purposes of business
260 ## - PUBLICATION, DISTRIBUTION, ETC.
Place of publication, distribution, etc. Thane
Date of publication, distribution, etc. 2013
300 ## - PHYSICAL DESCRIPTION
Extent x,183
Other physical details PB
365 ## - TRADE PRICE
Price amount 545.42
Currency code Rs
650 ## - SUBJECT ADDED ENTRY--TOPICAL TERM
Topical term or geographic name entry element Executive Management
650 ## - SUBJECT ADDED ENTRY--TOPICAL TERM
Topical term or geographic name entry element Management
906 ## - LOCAL DATA ELEMENT F, LDF (RLIN)
a business ; company: ; human ; Living ; purposes ; rediscovering ; tomorrows
Holdings
Withdrawn status Lost status Damaged status Not for loan Collection code Home library Current library Date acquired Source of acquisition Cost, normal purchase price Total Checkouts Full call number Barcode Date last seen Cost, replacement price Price effective from Koha item type
          St Aloysius Library St Aloysius Library 03/16/2021 Biblios Book Point, Surathkal-575014 | General Annual 545.42   658.4 GOYL 074863 07/19/2021 409.07 07/19/2021 Book